Silver's Pokemon - Statistics

General Stats
  • This quiz has been taken 5 times
  • The average score is 15 of 23
Answer Stats
Hint Answer % Correct
Johto Croconaw
100%
Johto Cyndaquil
100%
Johto Feraligatr
100%
Johto Quilava
100%
Johto Sneasel
100%
Johto Totodile
100%
Johto Typhlosion
100%
Johto Alakazam
50%
Johto Bayleef
50%
Johto Chikorita
50%
Johto Crobat
50%
Johto Gastly
50%
Johto Gengar
50%
Johto Golbat
50%
Johto Haunter
50%
Johto Kadabra
50%
Stadium 2 Lugia
50%
Johto Magnemite
50%
Johto Magneton
50%
Johto Meganium
50%
Stadium 2 Mewtwo
50%
Johto Zubat
50%
Stadium2 Zapdos
0%
No matching quizzes found
Score Distribution
Percent of People with Each Score
Percentile by Number Answered
Your Score History
You have not taken this quiz